[Event "St Petersburg Nov op"]
[Site "St Petersburg"]
[Date "2008.11.08"]
[Round "8"]
[White "Krylov, Andrei"]
[Black "Busygina, Alena"]
[Result "1-0"]
[WhiteElo "2105"]
[BlackElo "2045"]
[PlyCount "42"]
[EventDate "2008.11.01"]
[EventType "swiss"]
[EventRounds "9"]
[EventCountry "RUS"]
[SourceTitle "EXT 2010"]
[Source "ChessBase"]
[SourceDate "2010.11.25"]
[SourceVersion "1"]
[SourceVersionDate "2010.11.25"]
[SourceQuality "1"]

1. d4 d5 2. c4 e6 3. Nf3 c6 4. g3 dxc4 5. Bg2 b5 6. 0-0 Bb7 7. Nc3 Nf6 8. Ne5 Qb6 9. e4 Nfd7 10. f4 Nxe5 11. fxe5 Nd7 12. Kh1 0-0-0 13. Bg5 f6 14. exf6 gxf6 15. Bh4 Kb8 16. e5 Bb4 17. Ne4 Nf8 18. Bxf6 Rxd4 19. Qh5 Rg8 20. a3 Bc5 21. Qe8+ Bc8 1-0

[Event "St Petersburg Nov op"]
[Site "St Petersburg"]
[Date "2008.11.02"]
[Round "2"]
[White "Busygina, Alena"]
[Black "Glazov, Anatoly"]
[Result "0-1"]
[WhiteElo "2045"]
[BlackElo "1947"]
[PlyCount "112"]
[EventDate "2008.11.01"]
[EventType "swiss"]
[EventRounds "9"]
[EventCountry "RUS"]
[SourceTitle "EXT 2010"]
[Source "ChessBase"]
[SourceDate "2010.11.25"]
[SourceVersion "1"]
[SourceVersionDate "2010.11.25"]
[SourceQuality "1"]

1. e4 c5 2. Nf3 Nc6 3. d4 cxd4 4. Nxd4 Nf6 5. Nc3 a6 6. Be3 e6 7. a3 Be7 8. Be2 0-0 9. Qd2 b5 10. f4 b4 11. axb4 Bxb4 12. Bf3 Bb7 13. 0-0 d5 14. exd5 Nxd5 15. Bxd5 Bxc3 16. Qxc3 Qxd5 17. Nf3 Rac8 18. Rfd1 Qh5 19. Qb3 Rb8 20. Qc3 Rfc8 21. Qd2 Nb4 22. c3 Bxf3 23. gxf3 Nd5 24. Bd4 Qxf3 25. Rf1 Qh3 26. Rf2 Rc6 27. Rg2 f6 28. Rg3 Qf5 29. Rf1 g6 30. Rgf3 a5 31. R3f2 a4 32. Ra1 Ra8 33. Qc1 Nb4 34. Qd1 Nd3 35. Rxa4 Rac8 36. Rd2 Nxf4 37. Be3 Nd5 38. Bf2 Qg5+ 39. Rg4 Qh5 40. Rgd4 Qxd1+ 41. Rxd1 Rc4 42. R4d3 Kf7 43. Ra1 R8c7 44. Bd4 Nf4 45. Rd2 e5 46. Be3 g5 47. Ra6 R4c6 48. Ra8 Kg6 49. Kf2 Kf5 50. Rdd8 Rb7 51. Bc1 Re6 52. Ra4 e4 53. Rdd4 Nd3+ 54. Rxd3 exd3 55. Rd4 Re2+ 56. Kg3 Rc2 0-1

[Event "St Petersburg White Nights op"]
[Site "St Petersburg"]
[Date "2007.07.01"]
[Round "7"]
[White "Busygina, Alena"]
[Black "Melnikov, Nikolay"]
[Result "1-0"]
[WhiteElo "2069"]
[BlackElo "1855"]
[PlyCount "67"]
[EventDate "2007.06.25"]
[EventType "swiss"]
[EventRounds "9"]
[EventCountry "RUS"]
[SourceTitle "CBM 119 Extra"]
[Source "ChessBase"]
[SourceDate "2007.09.04"]
[SourceVersion "1"]
[SourceVersionDate "2007.09.04"]
[SourceQuality "1"]

1. e4 c5 2. Nf3 a6 3. d4 cxd4 4. Nxd4 Nf6 5. Nc3 e5 6. Nf3 d6 7. h3 Be7 8. Be3 b5 9. Nd5 Nbd7 10. Nxe7 Qxe7 11. Nd2 Bb7 12. f3 Rc8 13. c4 Nh5 14. Bf2 Nf4 15. g3 Ne6 16. cxb5 axb5 17. Bxb5 0-0 18. 0-0 Nf6 19. Nc4 Nd4 20. Bxd4 exd4 21. Qxd4 Qe6 22. g4 d5 23. Nd2 dxe4 24. Nxe4 Nxe4 25. fxe4 Rfd8 26. Qe3 Qe5 27. Bd3 Re8 28. Rae1 Ba8 29. Re2 f6 30. a3 h5 31. Rf5 Qd6 32. Rxh5 Red8 33. Bb1 g6 34. Ba2+ 1-0

[Event "Chigorin Memorial-B 14th"]
[Site "St Petersburg"]
[Date "2006.10.29"]
[Round "8"]
[White "Schekoldin, Vladislav"]
[Black "Busygina, Alena"]
[Result "0-1"]
[WhiteElo "2200"]
[BlackElo "2053"]
[PlyCount "24"]
[EventDate "2006.10.23"]
[EventType "swiss"]
[EventRounds "9"]
[EventCountry "RUS"]
[SourceTitle "EXT 2007"]
[Source "ChessBase"]
[SourceDate "2006.11.23"]
[SourceVersion "1"]
[SourceVersionDate "2006.11.23"]
[SourceQuality "1"]

1. e4 c5 2. c3 d5 3. exd5 Qxd5 4. d4 Nf6 5. Nf3 Bg4 6. Qa4+ Bd7 7. Qb3 cxd4 8. Bc4 Qe4+ 9. Kf1 e6 10. Nbd2 Qc6 11. Nxd4 Qa4 12. Qxb7 Qd1# 0-1

[Event "Chigorin Memorial-B 14th"]
[Site "St Petersburg"]
[Date "2006.10.25"]
[Round "4"]
[White "Kirillova, Varvara"]
[Black "Busygina, Alena"]
[Result "1-0"]
[WhiteElo "2244"]
[BlackElo "2053"]
[PlyCount "139"]
[EventDate "2006.10.23"]
[EventType "swiss"]
[EventRounds "9"]
[EventCountry "RUS"]
[SourceTitle "EXT 2007"]
[Source "ChessBase"]
[SourceDate "2006.11.23"]
[SourceVersion "1"]
[SourceVersionDate "2006.11.23"]
[SourceQuality "1"]

1. e4 c5 2. Nf3 e6 3. d3 Nc6 4. g3 g6 5. Bg5 Qc7 6. Na3 Bg7 7. Qc1 Rb8 8. c3 a6 9. h4 b5 10. h5 Ne5 11. Nxe5 Bxe5 12. Bg2 Bb7 13. Be3 Rc8 14. Qd2 Ne7 15. hxg6 hxg6 16. Rxh8+ Bxh8 17. Ke2 d6 18. Rh1 Bf6 19. Bg5 Bxg5 20. Qxg5 Kd7 21. Rh7 Rf8 22. Qf6 Ke8 23. Nc2 Qd8 24. Bh3 Nc6 25. Qg7 Qe7 26. Ne3 Ne5 27. f4 Nd7 28. Bg2 Nf6 29. Rh8 Nd7 30. Kd2 a5 31. Ng4 Rxh8 32. Qxh8+ Qf8 33. Qh1 a4 34. e5 d5 35. c4 bxc4 36. dxc4 Nb6 37. Nf6+ Kd8 38. cxd5 Nc4+ 39. Kc1 Ne3 40. Be4 exd5 41. Nxd5 Bxd5 42. Bxd5 Qe7 43. Qh8+ Kc7 44. Qa8 Nxd5 45. Qxd5 Kb6 46. Kc2 Qe6 47. Qd8+ Kb7 48. Qa5 Qc4+ 49. Qc3 Qxa2 50. Qxc5 Qb3+ 51. Kc1 Qxg3 52. Qb4+ Kc7 53. Qxa4 Qg1+ 54. Qd1 Qe3+ 55. Qd2 Qg1+ 56. Kc2 Qb6 57. b4 Qe6 58. Kb2 Qb6 59. Qc2+ Kd7 60. Qd3+ Ke7 61. Kb3 f6 62. exf6+ Kxf6 63. b5 g5 64. Qc3+ Ke6 65. Qe5+ Kd7 66. fxg5 Qg6 67. Qd5+ Ke7 68. Kb4 Qb1+ 69. Kc5 Qg1+ 70. Kc6 1-0

[Event "Chigorin Memorial-B 14th"]
[Site "St Petersburg"]
[Date "2006.10.23"]
[Round "1"]
[White "Kirillov, Evgeniy"]
[Black "Busygina, Alena"]
[Result "1-0"]
[WhiteElo "2256"]
[BlackElo "2053"]
[PlyCount "71"]
[EventDate "2006.10.23"]
[EventType "swiss"]
[EventRounds "9"]
[EventCountry "RUS"]
[SourceTitle "EXT 2007"]
[Source "ChessBase"]
[SourceDate "2006.11.23"]
[SourceVersion "1"]
[SourceVersionDate "2006.11.23"]
[SourceQuality "1"]

1. e4 c5 2. c3 d5 3. exd5 Qxd5 4. d4 Nf6 5. Nf3 Bg4 6. Be2 e6 7. 0-0 Nc6 8. Be3 cxd4 9. cxd4 Be7 10. Nc3 Qd6 11. h3 Bh5 12. g4 Bg6 13. Ne5 Nxe5 14. dxe5 Qxe5 15. Qa4+ Kf8 16. Bf4 Qc5 17. Bf3 Bd3 18. Rfd1 Ba6 19. Rac1 Qb6 20. Rc2 h6 21. Be3 Qb4 22. Qxb4 Bxb4 23. Ne4 Nd5 24. Bc5+ Kg8 25. Nd6 Bxc5 26. Rxc5 Nf4 27. Kh2 Rd8 28. Rc7 Kh7 29. Be4+ Ng6 30. Rxf7 Rhf8 31. Rxf8 Rxf8 32. Kg3 Rf6 33. h4 Be2 34. Rd2 Bxg4 35. Kxg4 Rf4+ 36. Kg3 1-0

[Event "St Petersburg White Nights op"]
[Site "St Petersburg"]
[Date "2005.06.24"]
[Round "7"]
[White "Donets, Valentina"]
[Black "Busygina, Alena"]
[Result "1-0"]
[WhiteElo "2199"]
[BlackElo "2080"]
[PlyCount "71"]
[EventDate "2005.06.18"]
[EventType "swiss"]
[EventRounds "9"]
[EventCountry "RUS"]
[SourceTitle "CBM 106 Extra"]
[Source "ChessBase"]
[SourceDate "2005.07.01"]
[SourceVersion "1"]
[SourceVersionDate "2005.07.01"]
[SourceQuality "1"]

1. e4 c5 2. Nf3 e6 3. c3 d5 4. exd5 exd5 5. d4 Nf6 6. Bb5+ Bd7 7. Bxd7+ Nbxd7 8. 0-0 Be7 9. Bf4 0-0 10. Nbd2 Re8 11. Re1 Qb6 12. Qb3 Qc6 13. Rad1 c4 14. Qc2 Rad8 15. Ne5 Nxe5 16. dxe5 Nd7 17. b4 Nf8 18. Nf3 Ne6 19. Be3 a6 20. Nd4 Nxd4 21. Bxd4 Rc8 22. f4 Bd8 23. Qf2 f6 24. Qf3 fxe5 25. Rxe5 Rxe5 26. fxe5 Be7 27. Be3 Rd8 28. Qg4 Rf8 29. h4 Rd8 30. Rf1 Rf8 31. Rxf8+ Bxf8 32. e6 Be7 33. Bd4 g6 34. h5 Qe8 35. Qf4 h6 36. Qe5 1-0

[Event "St Petersburg White Nights op"]
[Site "St Petersburg"]
[Date "2005.06.21"]
[Round "4"]
[White "Gorelikov, Igor"]
[Black "Busygina, Alena"]
[Result "1/2-1/2"]
[WhiteElo "1923"]
[BlackElo "2080"]
[PlyCount "78"]
[EventDate "2005.06.18"]
[EventType "swiss"]
[EventRounds "9"]
[EventCountry "RUS"]
[SourceTitle "CBM 106 Extra"]
[Source "ChessBase"]
[SourceDate "2005.07.01"]
[SourceVersion "1"]
[SourceVersionDate "2005.07.01"]
[SourceQuality "1"]

1. e4 c5 2. Nf3 e6 3. d4 cxd4 4. Nxd4 a6 5. c4 Nf6 6. Nc3 Qc7 7. a3 Be7 8. Be2 0-0 9. Be3 d6 10. g4 b6 11. g5 Nfd7 12. Rg1 Ne5 13. b3 Ng6 14. Qd2 d5 15. exd5 Qxh2 16. f4 Qh4+ 17. Kd1 Bc5 18. Kc2 Bxd4 19. Qxd4 e5 20. fxe5 Qxd4 21. Bxd4 Nd7 22. e6 fxe6 23. dxe6 Nc5 24. Bxc5 bxc5 25. Bg4 Rf2+ 26. Kd1 Ne5 27. Ra2 Rf4 28. Rd2 Bb7 29. Nd5 Bxd5 30. cxd5 Nxg4 31. d6 Nf2+ 32. Kc2 Ne4 33. d7 Nxd2 34. e7 Rff8 35. exf8Q+ Kxf8 36. Rd1 Ke7 37. Rxd2 Rd8 38. Rd5 Rxd7 39. Rxc5 Rd6 1/2-1/2

[Event "St Petersburg White Nights op"]
[Site "St Petersburg"]
[Date "2005.06.18"]
[Round "1"]
[White "Busygina, Alena"]
[Black "Shchukin, Dmitry"]
[Result "0-1"]
[WhiteElo "2080"]
[BlackElo "2347"]
[PlyCount "118"]
[EventDate "2005.06.18"]
[EventType "swiss"]
[EventRounds "9"]
[EventCountry "RUS"]
[SourceTitle "CBM 106 Extra"]
[Source "ChessBase"]
[SourceDate "2005.07.01"]
[SourceVersion "1"]
[SourceVersionDate "2005.07.01"]
[SourceQuality "1"]

1. e4 c5 2. Nf3 Nf6 3. Nc3 Nc6 4. d4 d5 5. exd5 Nxd5 6. Nxd5 Qxd5 7. Be3 cxd4 8. Nxd4 a6 9. Qf3 Qxf3 10. Nxf3 e5 11. Bc4 Be7 12. a3 Bf5 13. c3 Rc8 14. Bd5 f6 15. 0-0 g5 16. Rfe1 Kf8 17. Rad1 Kg7 18. Bb6 Bd8 19. Be3 Bc7 20. h3 h5 21. h4 g4 22. Nd2 Rhd8 23. Nf1 Bc2 24. Rd2 Bg6 25. Ng3 Rd6 26. Red1 Rcd8 27. c4 f5 28. Bg5 Rf8 29. c5 Rd7 30. Bxc6 Rxd2 31. Rxd2 bxc6 32. Ne2 f4 33. Nc3 Bf5 34. b4 Kf7 35. Nd1 Ke6 36. Nb2 Be4 37. Nd1 Bd5 38. Nc3 e4 39. Re2 f3 40. Re1 Kf5 41. g3 Be5 42. Nd1 Ke6 43. Be3 Bc4 44. Bg5 Bd3 45. Re3 a5 46. Re1 axb4 47. axb4 Ra8 48. Bd2 Ra2 49. Be3 Re2 50. Rf1 Ra2 51. Re1 Kd5 52. Bf4 Bd4 53. Be3 Ra1 54. Bd2 Rb1 55. Ne3+ Bxe3 56. fxe3 Rb2 57. Rd1 Rc2 58. Be1 Rg2+ 59. Kh1 Re2 0-1

[Event "Chigorin Memorial 12th"]
[Site "St Petersburg"]
[Date "2004.10.19"]
[Round "4"]
[White "Kulakov, Viacheslav"]
[Black "Busygina, Alena"]
[Result "1-0"]
[WhiteElo "2217"]
[BlackElo "2026"]
[PlyCount "139"]
[EventDate "2004.10.16"]
[EventType "swiss"]
[EventRounds "9"]
[EventCountry "RUS"]
[SourceTitle "EXT 2005"]
[Source "ChessBase"]
[SourceDate "2004.11.15"]
[SourceVersion "1"]
[SourceVersionDate "2004.11.15"]
[SourceQuality "1"]

1. d4 d5 2. Bg5 c6 3. e3 Qb6 4. b3 e6 5. Nf3 Nd7 6. Nbd2 f5 7. c4 Ngf6 8. c5 Qd8 9. Ne5 Be7 10. Nxd7 Bxd7 11. Bd3 0-0 12. 0-0 Ne4 13. Bxe7 Qxe7 14. Bxe4 fxe4 15. f3 exf3 16. Nxf3 Be8 17. Ne5 Rxf1+ 18. Qxf1 Bh5 19. Qd3 Rf8 20. Rf1 Rxf1+ 21. Qxf1 Be8 22. Qf4 Qd8 23. Nd3 Bg6 24. Qd6 Qxd6 25. cxd6 Kf7 26. Ne5+ Ke8 27. Kf2 Bb1 28. a3 Bc2 29. b4 a6 30. g4 Be4 31. Kg3 h6 32. Kh4 Bb1 33. g5 hxg5+ 34. Kxg5 Bf5 35. h4 Be4 36. a4 Bc2 37. a5 Bf5 38. Kf4 Bc2 39. Ng4 Kd7 40. Ke5 Bf5 41. Nf2 Bc2 42. Nh3 Be4 43. Nf4 Bf5 44. Nh5 g6 45. Nf6+ Kc8 46. Kf4 Bc2 47. Kg5 Bf5 48. Kh6 Bc2 49. Kg7 Kd8 50. Kf7 Bf5 51. d7 Bc2 52. Kxe6 Bf5+ 53. Kd6 Bh3 54. Ke5 Ke7 55. Kf4 Bf1 56. Kg5 Bd3 57. Kh6 Bf5 58. Kg7 Bc2 59. Nh7 Kxd7 60. Nf8+ Kc7 61. Nxg6 Bd1 62. Nf4 b6 63. h5 Bxh5 64. Nxh5 bxa5 65. bxa5 c5 66. dxc5 Kc6 67. Kf6 Kxc5 68. Ke5 Kb5 69. Kxd5 Kxa5 70. Nf4 1-0

[Event "Chigorin Memorial 12th"]
[Site "St Petersburg"]
[Date "2004.10.18"]
[Round "3"]
[White "Busygina, Alena"]
[Black "Mokhova, Kristina"]
[Result "1-0"]
[WhiteElo "2026"]
[BlackElo "2151"]
[PlyCount "132"]
[EventDate "2004.10.16"]
[EventType "swiss"]
[EventRounds "9"]
[EventCountry "RUS"]
[SourceTitle "EXT 2005"]
[Source "ChessBase"]
[SourceDate "2004.11.15"]
[SourceVersion "1"]
[SourceVersionDate "2004.11.15"]
[SourceQuality "1"]

1. e4 e6 2. d4 d5 3. Nc3 Nf6 4. e5 Nfd7 5. f4 c5 6. Nf3 a6 7. Be3 Qb6 8. Na4 Qa5+ 9. c3 cxd4 10. b4 Qc7 11. Bxd4 Nc6 12. Be2 Nxd4 13. Qxd4 b5 14. Nb2 Bb7 15. 0-0 Be7 16. Kh1 0-0 17. Nd1 Rac8 18. Rc1 f6 19. Nf2 Kh8 20. Nh3 Bd8 21. Qe3 Re8 22. Bd3 Nb6 23. Nd4 Nc4 24. Qf2 g6 25. exf6 Bxf6 26. Ng1 Nd6 27. Ngf3 Ne4 28. Bxe4 dxe4 29. Ng5 Bd5 30. Qe3 e5 31. fxe5 Qxe5 32. Nh3 Rf8 33. a3 Be7 34. Nf3 Qg7 35. Nd4 Bd6 36. Ng5 Qe5 37. g3 Bb8 38. Nh3 Ba7 39. Nf4 Bg8 40. Nxg6+ hxg6 41. Qh6+ Bh7 42. Rxf8+ Rxf8 43. Qxf8+ Bg8 44. Qh6+ Bh7 45. Qf4 Qxf4 46. gxf4 Bb8 47. Ne2 Bg8 48. Rd1 Ba7 49. Kg2 Be3 50. Kg3 Bc4 51. Rd8+ Kg7 52. Nd4 Bc1 53. Rd6 Bxa3 54. Rxa6 Bb2 55. f5 Bxc3 56. Rxg6+ Kf7 57. Nc2 Be5+ 58. Kg2 Bf4 59. h4 Bd3 60. Ne1 Bc4 61. Kf2 Bd2 62. Nc2 Bd3 63. Rc6 e3+ 64. Nxe3 Bxb4 65. Nd5 Ba5 66. Ra6 Bd2 1-0

[Event "Chigorin Memorial 12th"]
[Site "St Petersburg"]
[Date "2004.10.16"]
[Round "1"]
[White "Busygina, Alena"]
[Black "Onoprienko, Vladimir"]
[Result "0-1"]
[WhiteElo "2026"]
[BlackElo "2354"]
[PlyCount "82"]
[EventDate "2004.10.16"]
[EventType "swiss"]
[EventRounds "9"]
[EventCountry "RUS"]
[SourceTitle "EXT 2005"]
[Source "ChessBase"]
[SourceDate "2004.11.15"]
[SourceVersion "1"]
[SourceVersionDate "2004.11.15"]
[SourceQuality "1"]

1. e4 c5 2. Nf3 Nc6 3. d4 cxd4 4. Nxd4 g6 5. c4 Bg7 6. Be3 Qb6 7. Nb5 Qa5+ 8. Bd2 Qd8 9. Bc3 Nf6 10. f3 d6 11. Be2 Qb6 12. Nd2 0-0 13. Nb3 a6 14. N5d4 Bd7 15. Qd2 Rfc8 16. Nxc6 Bxc6 17. Bd4 Qd8 18. 0-0 a5 19. Be3 Be8 20. Kh1 Nd7 21. Rac1 a4 22. Nd4 Nc5 23. g4 Bd7 24. Kg2 b6 25. Rh1 Qc7 26. h4 Qb7 27. h5 Rf8 28. Rh3 Rac8 29. Rch1 e5 30. Nc2 Nxe4 31. fxe4 Bc6 32. Bf3 Bxe4 33. Na3 f5 34. g5 Bxf3+ 35. Rxf3 f4 36. Bg1 e4 37. Bd4 exf3+ 38. Kf2 Rce8 39. Kf1 Re2 40. Qd3 Rfe8 41. Nc2 Qe4 0-1